Представление документа в формате MARC21

Поле Инд. ПП Название Значение
Тип записи a
Библиографический уровень m
001 Контрольный номер 535cee3d-1c20-4a4e-8d15-bc054316093a
005 Дата корректировки 20140227034935.4
008 Кодируемые данные 050617
040 a Служба первич. каталог. НБ ТвГУ
041 a Код языка текста rus
084 a Индекс другой классификации/Индекс ББК В127
090 x Авторский знак У77
a Полочн. индекс В127
100 1_ a Автор Успенский Владимир Андреевич
245 00 a Заглавие Теория алгоритмов: основные открытия и приложения
c Ответственность В. А. Успенский, А. Л. Семенов
260 0_ a Место издания Москва
b Издательство Наука
c Дата издания 1987
300 a Объем 288 с.
440 a Серия Библиотечка программиста
504 a Библиография Библиогр.: с. 245-271, 287-288. - Указ. имен., предм.: с. 272-286.
650 a Основная рубрика Алгоритмы
653 a Ключевые слова Алгоритмы
700 1_ a Другие авторы Семенов Алексей Львович
e Роль лиц авт.
852 t Порядковый номер экземпляра 4
q Физ. особенности экз. к
p Инвентарный номер 568640
p Инвентарный номер 568641
p Инвентарный номер 568642
p Инвентарный номер 568643
p Инвентарный номер 568644
863 t 00029830
863 t 00029831
863 t 00029828
863 t 00029829
954 a Дата поступления на обработку 2005
999 a Подразделение 2 Фил3